000 00305nam a22001337a 4500
008 170331b xxu||||| |||| 00| 0 eng d
020 _a9780781749879
041 _aeng
080 _a61
100 _a8
101 _aSHM
245 _aPHOTO ATLAS OF MEDICATION ADMINISTRATION
_cTAYLOR, C
942 _2udc
_cBK
999 _c9292
_d9292